000 00518nam a2200157 a 4500
001 000038025
005 20201002031147.0
008 130312s2011 dr a 000 0 spa d
020 _a9789993444732
040 _aDO-SdBNP
_bspa
_cBNPHU
100 1 _aGuerrero Roa, Julio
_964424
245 1 4 _aLos distritos municipales :
_bLegislación-teoría & prática /
_cJulio Guerrero Roa.
250 _a2a ed. Ampliada y actualizada
260 _aBonao, República Dominicana :
_bDalis ,
_c2011.
300 _a443 p. :
_bil. ;
_c24 cm.
999 _c37515
_d37515